000 00573cam a22002053a 4500
001 44919
003 PGUSA
005 20140828084027.0
008 140215s2014||||xxu|||||s|||||000 | eng d
040 _aPGUSA
_beng
042 _adc
100 1 _aArnold, Matthew,
_d1822-1888
245 1 0 _aDiscourses in America
_h[electronic resource] /
_cMatthew Arnold
260 _bProject Gutenberg,
_c2014
506 _aPublic domain in the USA.
516 _aElectronic text
830 0 _aProject Gutenberg
_v44919
856 4 0 _uhttp://www.gutenberg.org/ebooks/44919
942 _cEB
999 _c274170
_d274170